Statistics for Organized incorporated territories of the United States

Click here to take the quiz!

General Stats

  • This quiz has been taken 6 times
  • The average score is 12 of 31

Answer Stats

YearsTerritory% Correct
1912–1959Alaska
67%
1900–1959Hawaii
67%
1863–1912Arizona
50%
1822–1845Florida
50%
1805–1812Louisiana
50%
1805–1837Michigan
50%
1787–1803Northwest
50%
1817–1819Alabama
33%
1819–1836Arkansas
33%
1861–1876Colorado
33%
1861–1889Dakota
33%
1863–1890Idaho
33%
1809–1818Illinois
33%
1800–1816Indiana
33%
1838–1846Iowa
33%
1854–1861Kansas
33%
1849–1858Minnesota
33%
1798–1817Mississippi
33%
1812–1821Missouri
33%
1864–1889Montana
33%
1854–1867Nebraska
33%
1861–1864Nevada
33%
1850–1912New Mexico
33%
1890–1907Oklahoma
33%
1848–1859Oregon
33%
1850–1896Utah
33%
1853–1889Washington
33%
1836–1848Wisconsin
33%
1868–1890Wyoming
33%
1804–1812Orleans
17%
1790–1796Southwest
17%

Score Distribution

Percentile by Number Answered

Percent of People with Each Score

Your Score History

You have not taken this quiz